Datum a čas kvízu
19
Celkem bodů
Celkový počet nahraných bodů na tomto kvízu bez doplňovacích otázek.
10.
Pořadí na kvízu
Konečné umístění týmu na tomto kvízu.
Zaznamenané odpovědi
| # | Otázka | Odpověď | Body | Výsledky |
|---|---|---|---|---|
| 1. | Aktuální popularity čínské zub... | Jana Maláčová | 0 | |
| 2. | Britský magazín Time Out každo... | Bangkok | 0 | |
| 3. | O víkendu byla zakončena série... | pod Bezdězem | 1 | |
| 4. | Ve čtvrtek sjel z výrobní link... | Švédsko | 0 | |
| 5. | Přestupová sága táhnoucí se ně... | Ladislav Krejčí; Wolverhampton (Wanderers FC) | 1 | |
| 6. | Jak se nazývá věda, která se z... | adiktologie | 1 | |
| 7. | V dnešní době se hodně mluví o... | A) netolismus | 0 | |
| 8. | Na fotografii vidíte asi nejzn... | Katka, Helena Třeštíková | 0.5 | |
| 9. | Při léčbě některých závislostí... | C | 1 | |
| 10. | Jak se jmenuje zobrazený český... | Karel Nešpor | 0 |